Bhārata aura Muslima bhāvanāoṃ kā eka rūpa. (Record no. 54962)

MARC details
000 -LEADER
fixed length control field 00566cam a22002291 4500
001 - CONTROL NUMBER
control field sa 63003223
003 - CONTROL NUMBER IDENTIFIER
control field DLC
005 - DATE AND TIME OF LATEST TRANSACTION
control field 20260227111940.0
008 - FIXED-LENGTH DATA ELEMENTS--GENERAL INFORMATION
fixed length control field 890616s1962 ii 000 0 hino
010 ## - LIBRARY OF CONGRESS CONTROL NUMBER
LC control number sa 63003223
035 ## - SYSTEM CONTROL NUMBER
System control number (OCoLC)19883793
040 ## - CATALOGING SOURCE
Original cataloging agency DLC
Transcribing agency WaU
Modifying agency DLC
042 ## - AUTHENTICATION CODE
Authentication code premarc
043 ## - GEOGRAPHIC AREA CODE
Geographic area code a-ii---
050 00 - LIBRARY OF CONGRESS CALL NUMBER
Classification number DS427
Item number .S3
100 1# - MAIN ENTRY--PERSONAL NAME
Personal name Sahai, Vishwambhar,
Dates associated with a name 1900-
245 10 - TITLE STATEMENT
Title Bhārata aura Muslima bhāvanāoṃ kā eka rūpa.
260 ## - PUBLICATION, DISTRIBUTION, ETC.
Date of publication, distribution, etc. [1962]
300 ## - PHYSICAL DESCRIPTION
Extent 160 p.
Dimensions 19 cm.
500 ## - GENERAL NOTE
General note In Hindi.
650 #0 - SUBJECT ADDED ENTRY--TOPICAL TERM
Topical term or geographic name entry element Muslims
Geographic subdivision India.

No items available.

Powered by Koha